[Event "ROM-ch U10"]
[Site "Calimanesti"]
[Date "2018.04.02"]
[Round "8"]
[White "Santimbrean, Mihnea Nicolae"]
[Black "Salomeia, Mihai"]
[Result "1-0"]
[WhiteElo "1177"]
[BlackElo "1165"]
[PlyCount "53"]
[EventDate "2018.03.27"]
[EventType "swiss"]
[EventRounds "9"]
[EventCountry "ROU"]
[SourceTitle "CBM 183 Extra"]
[Source "ChessBase"]
[SourceDate "2018.04.19"]
[SourceVersion "1"]
[SourceVersionDate "2018.04.19"]
[SourceQuality "1"]

1. e4 e5 2. Nf3 Nc6 3. Bc4 Bc5 4. c3 Nf6 5. d3 d6 6. h3 h6 7. Nbd2 0-0 8. 0-0 Ne7 9. Re1 Ng6 10. Nf1 a6 11. Ng3 Ba7 12. Be3 Bxe3 13. Rxe3 b5 14. Bb3 Bb7 15. Re1 c5 16. d4 c4 17. dxe5 dxe5 18. Bc2 Re8 19. Nf5 Qxd1 20. Raxd1 Rad8 21. Nd6 Re7 22. Nxb7 Rxb7 23. Rxd8+ Kh7 24. Ra8 Rb6 25. Ra7 Kg8 26. b4 cxb3 27. Bxb3 1-0

[Event "ROM-ch U08"]
[Site "Baile Felix"]
[Date "2017.02.05"]
[Round "5"]
[White "Onica, Victor Dominic"]
[Black "Salomeia, Mihai"]
[Result "1-0"]
[WhiteElo "1410"]
[BlackElo "1106"]
[PlyCount "75"]
[EventDate "2017.02.02"]
[EventType "swiss"]
[EventRounds "9"]
[EventCountry "ROU"]
[SourceTitle "CBM 176 Extra"]
[Source "ChessBase"]
[SourceDate "2017.03.02"]
[SourceVersion "1"]
[SourceVersionDate "2017.03.02"]
[SourceQuality "1"]

1. e4 e5 2. Nf3 Nc6 3. Bb5 d6 4. h3 a6 5. Bxc6+ bxc6 6. Nc3 Nf6 7. d3 Be7 8. 0-0 0-0 9. d4 exd4 10. Qxd4 c5 11. Qd1 Bb7 12. Re1 d5 13. e5 Ne8 14. b3 d4 15. Na4 Bh4 16. Nxc5 Rb8 17. Nxd4 Qd5 18. Ne4 f5 19. c4 Qd8 20. Nc5 Qc8 21. Ba3 Rf7 22. e6 Rf6 23. Nd7 Rg6 24. g3 Ra8 25. Nxf5 Bf6 26. Nxf6+ Rxf6 27. Ne7+ Kf8 28. Nxc8+ Kg8 29. Ne7+ Kh8 30. Nd5 Rh6 31. h4 g5 32. Qd4+ Kg8 33. Bb2 Nf6 34. Nxf6+ Kf8 35. e7+ Kf7 36. e8Q+ Rxe8 37. Qd7+ Kf8 38. Rxe8# 1-0

[Event "ROM-ch U08"]
[Site "Baile Felix"]
[Date "2017.02.02"]
[Round "1"]
[White "Lefter, Albert"]
[Black "Salomeia, Mihai"]
[Result "1/2-1/2"]
[WhiteElo "1001"]
[BlackElo "1106"]
[PlyCount "90"]
[EventDate "2017.02.02"]
[EventType "swiss"]
[EventRounds "9"]
[EventCountry "ROU"]
[SourceTitle "CBM 176 Extra"]
[Source "ChessBase"]
[SourceDate "2017.03.02"]
[SourceVersion "1"]
[SourceVersionDate "2017.03.02"]
[SourceQuality "1"]

1. e4 e5 2. Nf3 Nc6 3. Bc4 Nf6 4. Ng5 Rg8 5. Bxf7+ Ke7 6. Bxg8 Nxg8 7. Nc3 Nf6 8. 0-0 d6 9. Nf3 Be6 10. d3 Qd7 11. Bg5 h6 12. Bxf6+ Kxf6 13. d4 Qf7 14. d5 Bd7 15. dxc6 Bxc6 16. Nd5+ Bxd5 17. exd5 Ke7 18. a4 Re8 19. Ra3 Kd8 20. Re1 Be7 21. Rae3 Bf6 22. b4 g5 23. g3 g4 24. Nh4 Bxh4 25. gxh4 h5 26. b5 Qf6 27. Qd2 Qxh4 28. Rg3 Qf6 29. c4 Qf4 30. Qxf4 exf4 31. Rxe8+ Kxe8 32. Rd3 Kf7 33. a5 Kf6 34. c5 dxc5 35. d6 cxd6 36. Rxd6+ Ke7 37. Rd1 Ke6 38. Kg2 c4 39. f3 c3 40. Rc1 Kd5 41. Rxc3 Kd4 42. Rc7 Ke3 43. fxg4 hxg4 44. Rxb7 f3+ 45. Kf1 f2 1/2-1/2

[Event "ROM-ch U08"]
[Site "Calimanesti Caciulata"]
[Date "2016.04.22"]
[Round "6"]
[White "Salomeia, Mihai"]
[Black "Mocanu, Mihnea Tudor"]
[Result "0-1"]
[WhiteElo "1001"]
[BlackElo "1002"]
[PlyCount "70"]
[EventDate "2016.04.18"]
[EventType "swiss"]
[EventRounds "9"]
[EventCountry "ROU"]
[SourceTitle "CBM 172 Extra"]
[Source "ChessBase"]
[SourceDate "2016.06.21"]
[SourceVersion "1"]
[SourceVersionDate "2016.06.21"]
[SourceQuality "1"]

1. e4 e6 2. d4 d5 3. exd5 exd5 4. Bb5+ Nc6 5. Nf3 a6 6. Ba4 b5 7. Bg5 Nf6 8. Bb3 h6 9. Bh4 Be6 10. 0-0 Bd6 11. Re1 0-0 12. c3 Qd7 13. Bc2 Rfe8 14. Nbd2 Ng4 15. h3 Nf6 16. Bxf6 gxf6 17. Nb3 b4 18. cxb4 Bxb4 19. Rf1 Rad8 20. Qd3 Kf8 21. Qh7 Ke7 22. Nh4 Rh8 23. Ng6+ Kd6 24. Nxh8 Re8 25. Bg6 Qd8 26. Bxf7 Rxh8 27. Qg6 Bxf7 28. Qxf7 Rf8 29. Qg7 Rg8 30. Qxh6 Qd7 31. Qxf6+ Qe6 32. Qf4+ Kd7 33. a3 Qxh3 34. Qf7+ Ne7 35. axb4 Qxg2# 0-1

[Event "ROM-ch U08"]
[Site "Calimanesti Caciulata"]
[Date "2016.04.21"]
[Round "4"]
[White "Racasan, Filip"]
[Black "Salomeia, Mihai"]
[Result "1-0"]
[WhiteElo "1002"]
[BlackElo "1001"]
[PlyCount "72"]
[EventDate "2016.04.18"]
[EventType "swiss"]
[EventRounds "9"]
[EventCountry "ROU"]
[SourceTitle "CBM 172 Extra"]
[Source "ChessBase"]
[SourceDate "2016.06.21"]
[SourceVersion "1"]
[SourceVersionDate "2016.06.21"]
[SourceQuality "1"]

1. d4 d5 2. c4 dxc4 3. Nc3 Bf5 4. Nf3 e6 5. Bg5 Be7 6. Bf4 Bd6 7. Bxd6 cxd6 8. e3 d5 9. Qa4+ Nd7 10. Nb5 Qe7 11. Nc7+ Kd8 12. Nxa8 Ke8 13. Qa3 Qxa3 14. bxa3 Ke7 15. Nc7 Ngf6 16. Nb5 Re8 17. Be2 Kf8 18. 0-0 Kg8 19. Rab1 Rf8 20. Nd6 b6 21. Nxf5 exf5 22. Bd1 h6 23. Ba4 b5 24. Bxb5 Nb6 25. Bc6 Nc8 26. Rb5 Ne7 27. Rc5 Rd8 28. a4 Rc8 29. Ne5 g6 30. a5 Ne4 31. Bb7 Rb8 32. Rb5 Nc3 33. Rb2 Na4 34. Rb4 Nc3 35. a6 Nxa2 36. Rb2 Nc3 1-0